How to form a corporation in Texas

Saved in:
書目詳細資料
主要作者: Rolcik, Karen Ann
企業作者: ebrary, Inc
其他作者: Warda, Mark
格式: 電子 電子書
語言:英语
出版: Naperville, Ill. : Sphinx Pub., 2004.
版:3rd ed.
叢編:Sphinx legal.
主題:
在線閱讀:An electronic book accessible through the World Wide Web; click to view
標簽: 添加標簽
沒有標簽, 成為第一個標記此記錄!

MARC

LEADER 00000nam a2200000 a 4500
001 0000080602
005 20171002054041.0
006 m u
007 cr cn|||||||||
008 040227s2004 iluk s 001 0 eng
010 |z  2004004731 
020 |z 1572484705 (alk. paper) 
035 |a (CaPaEBR)ebr10091913 
035 |a (OCoLC)567938064 
040 |a CaPaEBR  |c CaPaEBR 
043 |a n-us-tx 
050 1 4 |a KFT1413.5.Z9  |b R65 2004eb 
082 0 4 |a 346.764/06622  |2 22 
100 1 |a Rolcik, Karen Ann. 
245 1 0 |a How to form a corporation in Texas  |h [electronic resource] /  |c by Karen Ann Rolcik, Mark Warda. 
250 |a 3rd ed. 
260 |a Naperville, Ill. :  |b Sphinx Pub.,  |c 2004. 
300 |a xii, 312 p. :  |b forms. 
490 1 |a Sphinx legal 
500 |a Includes index. 
505 0 |a The corporate entity -- Deciding to incorporate -- Choosing the best type of corporation for you -- Start-up procedures -- Selling corporate stock -- Running a corporation -- Amending corporate documents -- Dissolving a corporation -- Corporate alternative : limited liability company. 
533 |a Electronic reproduction.  |b Palo Alto, Calif. :  |c ebrary,  |d 2013.  |n Available via World Wide Web.  |n Access may be limited to ebrary affiliated libraries. 
650 0 |a Incorporation  |z Texas  |v Popular works. 
655 7 |a Electronic books.  |2 local 
700 1 |a Warda, Mark. 
710 2 |a ebrary, Inc. 
830 0 |a Sphinx legal. 
856 4 0 |u http://site.ebrary.com/lib/daystar/Doc?id=10091913  |z An electronic book accessible through the World Wide Web; click to view 
908 |a 170314 
942 0 0 |c EB 
999 |c 69760  |d 69760